MARC

LEADER 00000nam0a2200000 4500
001 329206
005 20231102004134.0
035 |a (RuTPU)RU\TPU\book\354948 
090 |a 329206 
100 |a 20170310d1929 k y0rusy50 ca 
101 0 |a rus  |a eng 
102 |a RU 
105 |a a z 001zy 
200 1 |a Геологический очерк Камыштинского железорудного месторождения  |f Ю. А. Кузнецов  |g Всесоюзный геологический комитет, Западно-Сибирское отделение ; отв. ред. М. А. Усов 
210 |a Томск  |c Красное знамя  |d 1929 
215 |a 22 с.  |c ил., 1 карта 
225 1 |a Известия Западно-Сибирского отделения Геологического комитета  |v Т. 9, вып. 4 
320 |a Библиогр.: с. 22 
606 1 |a Железорудные месторождения  |y Сибирь  |2 stltpush  |3 (RuTPU)RU\TPU\subj\72210  |9 85780 
610 1 |a библиотека М. А. Усова 
610 1 |a железорудные месторождения 
610 1 |a Камыштинское железорудное месторождение 
610 1 |a Красноярский край 
675 |a 553.31(571)  |v 4 
700 1 |a Кузнецов  |b Ю. А.  |c геолог, петрограф  |c профессор Томского политехнического института  |c с 1959 г. перешел на работу в Институт геологии и геофизики СО АН СССР  |f 1903-1982  |g Юрий Алексеевич  |2 stltpush  |3 (RuTPU)RU\TPU\pers\8363 
702 1 |a Усов  |b М. А.  |c российский геолог  |c профессор Томского технологического института  |f 1883-1939  |g Михаил Антонович  |2 stltpush  |3 (RuTPU)RU\TPU\pers\1941  |4 340 
712 0 2 |a Всесоюзный геологический комитет  |b Западно-Сибирское отделение  |c (Томск)  |c (1927-1930)  |2 stltpush  |3 (RuTPU)RU\TPU\col\18534  |9 27078 
801 1 |a RU  |b 63413507  |c 20170310 
801 2 |a RU  |b 63413507  |c 20170411  |g RCR 
942 |c BK